FAO economic and social development paper N.95 Guidelines impact of structural adjustment programmes on the agricultural sector

Bewaard in:
Bibliografische gegevens
Hoofdauteur: A H Sarris
Formaat: Boek
Taal:Undetermined
Gepubliceerd in: Rome FAO 1990
Onderwerpen:
Tags: Voeg label toe
Geen labels, Wees de eerste die dit record labelt!
Thư viện lưu trữ: Trung tâm Học liệu Trường Đại học Cần Thơ
LEADER 00609nam a2200193Ia 4500
001 CTU_3623
008 210402s9999 xx 000 0 und d
082 |a 330 
082 |b F218/N.95 
100 |a A H Sarris 
245 0 |a FAO economic and social development paper N.95 
245 0 |b Guidelines impact of structural adjustment programmes on the agricultural sector 
245 2 |c A H Sarris, FAO 
260 |a Rome 
260 |b FAO 
260 |c 1990 
650 |a agriculture and state,economics 
904 |i Nguyễn Quang Điền, 960530 
980 |a Trung tâm Học liệu Trường Đại học Cần Thơ